000 00341nam a22001217a 4500
082 _a347.4206
_bQAN
245 _aThe Qanun-e-Shahadat Order, (X of 1984):
_bbook no.29 /
260 _aKarachi :
_bPakistan Law House,
_c1984.
300 _a74 p. ;
_c24 cm.
563 _aPBK.
650 _aLaw, Qanun-e-Shahadat Order
_9126254
942 _2ddc
_cBK
999 _c592403
_d592403